000 01474nam a2200301 a 4500
001 BRCA_2411
005 20190320203809.0
008 131108s1738----enka---###---#000-0#spa-u
041 _aspa
044 _aenk
084 _a052
_b.T66
_c1738
100 1 _aCervantes Saavedra, Miguel de
_d1547-1616
_9213
245 1 0 _aVida y hechos del Ingenioso Hidalgo Don Quixote de la Mancha
_ccompuesto por Miguel de Cervantes Saavedra.
260 _aLondres
_bJ. y R. Tonson
_c1738
300 _a4 v.
_bil.
_c30 cm.
500 _aContenido : v 1. Primera parte. Dedicatoria a Lord Carteret. Dedicatoria del editor a la Condesa de Montijo. Advertencia de Juan Oldfield sobre las estampas. Retrato de Cervantes dibujado por Kent. Vida de Cervantes por Mayáns I Síscar. Texto. -- v 2. Texto. -- v 3. Segunda parte. Prólogo del autor. Texto. v 4. Texto
500 _aEjemplar igual al LO-051. Encuadernado en fina piel roja; lomos y planos con florones dorados; cortes dorados también Lúdovik Osterc
500 _aCon ex-libris de : Yarborough
500 _aQM37
650 1 4 _aNovela española
_yÉpoca clásica, 1500-1700
_9215
650 1 4 _aLiteratura española
_yÉpoca clásica, 1500-1700
_9216
650 1 4 _aNovela española
_ySiglo XVII
_9217
650 1 4 _aDon Quijote (Personaje ficticio)
_eNovela
_9218
700 1 _aMayáns I Síscar, Gregorio
_d1699-1781
_eBiógrafo
_97094
740 0 _aEl Ingenioso Hidalgo Don Quijote de la Mancha
902 _aQFM
942 _2lcc
_cB
999 _c2152
_d2152